|
|
|
|
| LEADER |
00000nab a2200000 a 4500 |
| 001 |
vtls000397650 |
| 003 |
SK-MaSNL |
| 005 |
20260426065836.0 |
| 008 |
230223c1990 xo 0 cze |
| 015 |
|
|
|a SNBRB19rr/mm-uuuuu
|
| 035 |
|
|
|a CL0397774
|
| 035 |
|
|
|a (urnnbn)urn:nbn:sk:snk:ar-005jgh
|
| 035 |
|
|
|a (uuid)22d6b5de-abaf-48cb-82b3-e29c938916a8
|
| 035 |
|
|
|a urn:nbn:sk:snk-ab7zzp
|
| 040 |
|
|
|a SNKBUCL
|b slo
|c SNKBUCL
|e AACR2
|
| 041 |
0 |
|
|a cze
|
| 044 |
|
|
|a xo
|c SK
|
| 080 |
|
|
|a 550.38
|2 1981
|
| 100 |
1 |
|
|a Gnojek, Ivan
|4 aut
|9 973146
|
| 245 |
1 |
0 |
|a K rozšíření magnetického zdroje v podloží neogénu na východním Slovensku
|c Ivan Gnojek
|
| 300 |
|
|
|b Obr. 1., lit. 7 zázn. v slov., češ.
|
| 650 |
0 |
7 |
|a magnetizmus zemský (geol.)
|2 snkbucl
|9 1313061
|
| 650 |
0 |
7 |
|a magnetické pole
|2 snkbucl
|9 89417
|
| 651 |
|
7 |
|a Slovensko východné
|2 snkbucl
|9 161134
|
| 655 |
|
7 |
|a články z novín a časopisov
|2 snkbucl
|9 267496
|
| 773 |
0 |
|
|t Mineralia slovaca
|g Roč. 22, č. 2 (1990), s. 191-192
|
| 850 |
|
|
|a Slovenská národná knižnica v Martine
|a MTA001
|
| 852 |
|
|
|a SNK
|b KIS3GCP
|
| 957 |
|
|
|a 5400
|
| 958 |
|
|
|a NB
|
| 958 |
|
|
|a RK
|
| 958 |
|
|
|a OND
|
| 958 |
|
|
|a EUIPO
|
| 958 |
|
|
|a article9
|
| 992 |
|
|
|a RBX
|
| 999 |
|
|
|c 2642839
|d 2644769
|